00321nam a22001097a 4500008004100000020001500041082001500056100003200071245004500103260005500148300000800203230626b xxu||||| |||| 00| 0 eng d a1557759200 a332.1bIMF cInternational Monetary Fund aWhat is the International Monetary Fund? aWashington, D.CbInternational Monetary Fundc2001 a52p